000 00327nam a2200109Ia 4500
008 171211s9999 xx 000 0 und d
245 _aWhen You Sing It Now, Just Like New
245 _cJillian Ridington and Mr. Robin Ridington PhD
260 _c2006
650 _xmusic
856 _uhttp://down.ebook777.com/064/0803290098.pdf
999 _c348615
_d348615